<?xml version="1.0" encoding="UTF-8"?>
<record
    xmlns:xsi="http://www.w3.org/2001/XMLSchema-instance"
    xsi:schemaLocation="http://www.loc.gov/MARC21/slim http://www.loc.gov/standards/marcxml/schema/MARC21slim.xsd"
    xmlns="http://www.loc.gov/MARC21/slim">

  <leader>00882nas a2200241 454500</leader>
  <controlfield tag="001">13156</controlfield>
  <controlfield tag="005">20260407193504.0</controlfield>
  <controlfield tag="008">260407s2001####ag###########|||spa#d</controlfield>
  <controlfield tag="003">AR-UNSa-BCEJYS</controlfield>
  <datafield tag="040" ind1=" " ind2=" ">
    <subfield code="a">AR-UNSa-BCEJYS</subfield>
    <subfield code="b">spa</subfield>
    <subfield code="c">AR-UNSa-BCEJYS</subfield>
  </datafield>
  <datafield tag="080" ind1=" " ind2=" ">
    <subfield code="a">658.11</subfield>
    <subfield code="x">Clases y formas de las empresas( peque&#xF1;as y medianas empresas...Pymes)</subfield>
  </datafield>
  <datafield tag="245" ind1="1" ind2="0">
    <subfield code="a">LEOPYME</subfield>
  </datafield>
  <datafield tag="264" ind1=" " ind2="1">
    <subfield code="a">Buenos Aires :</subfield>
    <subfield code="b">ABAPPRA</subfield>
    <subfield code="c">2001</subfield>
  </datafield>
  <datafield tag="310" ind1=" " ind2=" ">
    <subfield code="a">Frecuencia: irregular</subfield>
  </datafield>
  <datafield tag="942" ind1=" " ind2=" ">
    <subfield code="c">SER</subfield>
  </datafield>
  <datafield tag="590" ind1=" " ind2=" ">
    <subfield code="a">niveau_biblio:s niveau_hierar:1</subfield>
  </datafield>
  <datafield tag="100" ind1="1" ind2=" ">
    <subfield code="a">Asociaci&#xF3;n de Bancos P&#xFA;blicos y Privados de la Rep&#xFA;blica Argentina. Instituto de la Peque&#xF1;a y Mediana Empresa</subfield>
  </datafield>
  <datafield tag="650" ind1=" " ind2=" ">
    <subfield code="a">Exportaci&#xF3;n/importaci&#xF3;n</subfield>
  </datafield>
  <datafield tag="650" ind1=" " ind2=" ">
    <subfield code="a">BANCOS</subfield>
  </datafield>
  <datafield tag="650" ind1=" " ind2=" ">
    <subfield code="a">Peque&#xF1;a y mediana empresa</subfield>
  </datafield>
  <datafield tag="650" ind1=" " ind2=" ">
    <subfield code="a">Econom&#xED;a regional</subfield>
  </datafield>
  <datafield tag="856" ind1="4" ind2="1">
    <subfield code="u">https://biblioeco.unsa.edu.ar/pmb/images/revistas/Leopyme.jpg</subfield>
    <subfield code="y">Imagen de portada</subfield>
    <subfield code="q">image/jpeg</subfield>
  </datafield>
  <datafield tag="999" ind1=" " ind2=" ">
    <subfield code="c">8454</subfield>
    <subfield code="d">8454</subfield>
  </datafield>
  <datafield tag="952" ind1=" " ind2=" ">
    <subfield code="0">0</subfield>
    <subfield code="1">0</subfield>
    <subfield code="4">0</subfield>
    <subfield code="7">0</subfield>
    <subfield code="a">BCEJYS</subfield>
    <subfield code="b">BCEJYS</subfield>
    <subfield code="c">17</subfield>
    <subfield code="d">2007-10-01</subfield>
    <subfield code="h">A&#xF1;o 9, N&#xBA; 54 - oct./nov. 2007</subfield>
    <subfield code="l">0</subfield>
    <subfield code="o">H658.11 LEO 54</subfield>
    <subfield code="p">R12008</subfield>
    <subfield code="r">2026-04-10 16:07:18</subfield>
    <subfield code="w">2026-04-10</subfield>
    <subfield code="y">RN</subfield>
  </datafield>
  <datafield tag="952" ind1=" " ind2=" ">
    <subfield code="0">0</subfield>
    <subfield code="1">0</subfield>
    <subfield code="4">0</subfield>
    <subfield code="7">0</subfield>
    <subfield code="a">BCEJYS</subfield>
    <subfield code="b">BCEJYS</subfield>
    <subfield code="c">17</subfield>
    <subfield code="d">2006-11-01</subfield>
    <subfield code="h">A&#xF1;o 8, N&#xBA; 50 - nov. 2006</subfield>
    <subfield code="l">0</subfield>
    <subfield code="o">H658.11 LEO 50</subfield>
    <subfield code="p">R06301</subfield>
    <subfield code="r">2026-04-10 16:07:18</subfield>
    <subfield code="w">2026-04-10</subfield>
    <subfield code="y">RN</subfield>
  </datafield>
  <datafield tag="952" ind1=" " ind2=" ">
    <subfield code="0">0</subfield>
    <subfield code="1">0</subfield>
    <subfield code="4">0</subfield>
    <subfield code="7">0</subfield>
    <subfield code="a">BCEJYS</subfield>
    <subfield code="b">BCEJYS</subfield>
    <subfield code="c">17</subfield>
    <subfield code="d">2006-08-01</subfield>
    <subfield code="h">A&#xF1;o 8, N&#xBA; 48 - ago. 2006</subfield>
    <subfield code="l">0</subfield>
    <subfield code="o">H658.11 LEO 48</subfield>
    <subfield code="p">R01877</subfield>
    <subfield code="r">2026-04-10 16:07:18</subfield>
    <subfield code="w">2026-04-10</subfield>
    <subfield code="y">RN</subfield>
  </datafield>
  <datafield tag="952" ind1=" " ind2=" ">
    <subfield code="0">0</subfield>
    <subfield code="1">0</subfield>
    <subfield code="4">0</subfield>
    <subfield code="7">0</subfield>
    <subfield code="a">BCEJYS</subfield>
    <subfield code="b">BCEJYS</subfield>
    <subfield code="c">17</subfield>
    <subfield code="d">2005-06-01</subfield>
    <subfield code="h">A&#xF1;o 7, N&#xBA; 41 - jun. 2005</subfield>
    <subfield code="l">0</subfield>
    <subfield code="o">H658.11 LEO 41</subfield>
    <subfield code="p">R01373</subfield>
    <subfield code="r">2026-04-10 16:07:18</subfield>
    <subfield code="w">2026-04-10</subfield>
    <subfield code="y">RN</subfield>
  </datafield>
  <datafield tag="952" ind1=" " ind2=" ">
    <subfield code="0">0</subfield>
    <subfield code="1">0</subfield>
    <subfield code="4">0</subfield>
    <subfield code="7">0</subfield>
    <subfield code="a">BCEJYS</subfield>
    <subfield code="b">BCEJYS</subfield>
    <subfield code="c">17</subfield>
    <subfield code="d">2005-04-01</subfield>
    <subfield code="h">A&#xF1;o 5, N&#xBA; 40 - abr. 2005</subfield>
    <subfield code="l">0</subfield>
    <subfield code="o">H658.11 LEO 40</subfield>
    <subfield code="p">R00171</subfield>
    <subfield code="r">2026-04-10 16:07:18</subfield>
    <subfield code="w">2026-04-10</subfield>
    <subfield code="y">RN</subfield>
  </datafield>
  <datafield tag="952" ind1=" " ind2=" ">
    <subfield code="0">0</subfield>
    <subfield code="1">0</subfield>
    <subfield code="4">0</subfield>
    <subfield code="7">0</subfield>
    <subfield code="a">BCEJYS</subfield>
    <subfield code="b">BCEJYS</subfield>
    <subfield code="c">17</subfield>
    <subfield code="d">2004-12-01</subfield>
    <subfield code="h">A&#xF1;o 5, N&#xBA; 39 - dic. 2004</subfield>
    <subfield code="l">0</subfield>
    <subfield code="o">H658.11 LEO 39</subfield>
    <subfield code="p">R00170</subfield>
    <subfield code="r">2026-04-10 16:07:18</subfield>
    <subfield code="w">2026-04-10</subfield>
    <subfield code="y">RN</subfield>
  </datafield>
  <datafield tag="952" ind1=" " ind2=" ">
    <subfield code="0">0</subfield>
    <subfield code="1">0</subfield>
    <subfield code="4">0</subfield>
    <subfield code="7">0</subfield>
    <subfield code="a">BCEJYS</subfield>
    <subfield code="b">BCEJYS</subfield>
    <subfield code="c">17</subfield>
    <subfield code="d">2004-12-01</subfield>
    <subfield code="h">A&#xF1;o 5, N&#xBA; 39 - dic. 2004</subfield>
    <subfield code="l">0</subfield>
    <subfield code="o">H658.11 LEO 39 ej.2</subfield>
    <subfield code="p">R00169</subfield>
    <subfield code="r">2026-04-10 16:07:18</subfield>
    <subfield code="w">2026-04-10</subfield>
    <subfield code="y">RN</subfield>
  </datafield>
  <datafield tag="952" ind1=" " ind2=" ">
    <subfield code="0">0</subfield>
    <subfield code="1">0</subfield>
    <subfield code="4">0</subfield>
    <subfield code="7">0</subfield>
    <subfield code="a">BCEJYS</subfield>
    <subfield code="b">BCEJYS</subfield>
    <subfield code="c">17</subfield>
    <subfield code="d">2004-10-01</subfield>
    <subfield code="h">A&#xF1;o 5, N&#xBA; 38 - oct. 2004</subfield>
    <subfield code="l">0</subfield>
    <subfield code="o">H658.11 LEO 38</subfield>
    <subfield code="p">R06298</subfield>
    <subfield code="r">2026-04-10 16:07:18</subfield>
    <subfield code="w">2026-04-10</subfield>
    <subfield code="y">RN</subfield>
  </datafield>
  <datafield tag="952" ind1=" " ind2=" ">
    <subfield code="0">0</subfield>
    <subfield code="1">0</subfield>
    <subfield code="4">0</subfield>
    <subfield code="7">0</subfield>
    <subfield code="a">BCEJYS</subfield>
    <subfield code="b">BCEJYS</subfield>
    <subfield code="c">17</subfield>
    <subfield code="d">2004-10-01</subfield>
    <subfield code="h">A&#xF1;o 5, N&#xBA; 38 - oct. 2004</subfield>
    <subfield code="l">0</subfield>
    <subfield code="o">H658.11 LEO 38 ej.2</subfield>
    <subfield code="p">R06299</subfield>
    <subfield code="r">2026-04-10 16:07:18</subfield>
    <subfield code="w">2026-04-10</subfield>
    <subfield code="y">RN</subfield>
  </datafield>
  <datafield tag="952" ind1=" " ind2=" ">
    <subfield code="0">0</subfield>
    <subfield code="1">0</subfield>
    <subfield code="4">0</subfield>
    <subfield code="7">0</subfield>
    <subfield code="a">BCEJYS</subfield>
    <subfield code="b">BCEJYS</subfield>
    <subfield code="c">17</subfield>
    <subfield code="d">2004-07-01</subfield>
    <subfield code="h">A&#xF1;o 5, N&#xBA; 37 - jul. 2004</subfield>
    <subfield code="l">0</subfield>
    <subfield code="o">H658.11 LEO 37</subfield>
    <subfield code="p">R06297</subfield>
    <subfield code="r">2026-04-10 16:07:18</subfield>
    <subfield code="w">2026-04-10</subfield>
    <subfield code="y">RN</subfield>
  </datafield>
  <datafield tag="952" ind1=" " ind2=" ">
    <subfield code="0">0</subfield>
    <subfield code="1">0</subfield>
    <subfield code="4">0</subfield>
    <subfield code="7">0</subfield>
    <subfield code="a">BCEJYS</subfield>
    <subfield code="b">BCEJYS</subfield>
    <subfield code="c">17</subfield>
    <subfield code="d">2004-05-01</subfield>
    <subfield code="h">A&#xF1;o 5, N&#xBA; 36 - mayo/jun. 2004</subfield>
    <subfield code="l">0</subfield>
    <subfield code="o">H658.11 LEO 36</subfield>
    <subfield code="p">R00168</subfield>
    <subfield code="r">2026-04-10 16:07:18</subfield>
    <subfield code="w">2026-04-10</subfield>
    <subfield code="y">RN</subfield>
  </datafield>
  <datafield tag="952" ind1=" " ind2=" ">
    <subfield code="0">0</subfield>
    <subfield code="1">0</subfield>
    <subfield code="4">0</subfield>
    <subfield code="7">0</subfield>
    <subfield code="a">BCEJYS</subfield>
    <subfield code="b">BCEJYS</subfield>
    <subfield code="c">17</subfield>
    <subfield code="d">2004-03-01</subfield>
    <subfield code="h">A&#xF1;o 5, N&#xBA; 35 - mar. 2004</subfield>
    <subfield code="l">0</subfield>
    <subfield code="o">H658.11 LEO 35</subfield>
    <subfield code="p">R00167</subfield>
    <subfield code="r">2026-04-10 16:07:18</subfield>
    <subfield code="w">2026-04-10</subfield>
    <subfield code="y">RN</subfield>
  </datafield>
  <datafield tag="952" ind1=" " ind2=" ">
    <subfield code="0">0</subfield>
    <subfield code="1">0</subfield>
    <subfield code="4">0</subfield>
    <subfield code="7">0</subfield>
    <subfield code="a">BCEJYS</subfield>
    <subfield code="b">BCEJYS</subfield>
    <subfield code="c">17</subfield>
    <subfield code="d">2003-12-01</subfield>
    <subfield code="h">A&#xF1;o 5, N&#xBA; 34 - dic. 2003</subfield>
    <subfield code="l">0</subfield>
    <subfield code="o">H658.11 LEO 34</subfield>
    <subfield code="p">R00166</subfield>
    <subfield code="r">2026-04-10 16:07:18</subfield>
    <subfield code="w">2026-04-10</subfield>
    <subfield code="y">RN</subfield>
  </datafield>
  <datafield tag="952" ind1=" " ind2=" ">
    <subfield code="0">0</subfield>
    <subfield code="1">0</subfield>
    <subfield code="4">0</subfield>
    <subfield code="7">0</subfield>
    <subfield code="a">BCEJYS</subfield>
    <subfield code="b">BCEJYS</subfield>
    <subfield code="c">17</subfield>
    <subfield code="d">2003-11-01</subfield>
    <subfield code="h">A&#xF1;o 5, N&#xBA; 33 - nov. 2003</subfield>
    <subfield code="l">0</subfield>
    <subfield code="o">H658.11 LEO 33</subfield>
    <subfield code="p">R00165</subfield>
    <subfield code="r">2026-04-10 16:07:18</subfield>
    <subfield code="w">2026-04-10</subfield>
    <subfield code="y">RN</subfield>
  </datafield>
  <datafield tag="952" ind1=" " ind2=" ">
    <subfield code="0">0</subfield>
    <subfield code="1">0</subfield>
    <subfield code="4">0</subfield>
    <subfield code="7">0</subfield>
    <subfield code="a">BCEJYS</subfield>
    <subfield code="b">BCEJYS</subfield>
    <subfield code="c">17</subfield>
    <subfield code="d">2003-06-01</subfield>
    <subfield code="h">A&#xF1;o 5, N&#xBA; 31 - jun. 2003</subfield>
    <subfield code="l">0</subfield>
    <subfield code="o">H658.11 LEO 31</subfield>
    <subfield code="p">R00164</subfield>
    <subfield code="r">2026-04-10 16:07:18</subfield>
    <subfield code="w">2026-04-10</subfield>
    <subfield code="y">RN</subfield>
  </datafield>
  <datafield tag="952" ind1=" " ind2=" ">
    <subfield code="0">0</subfield>
    <subfield code="1">0</subfield>
    <subfield code="4">0</subfield>
    <subfield code="7">0</subfield>
    <subfield code="a">BCEJYS</subfield>
    <subfield code="b">BCEJYS</subfield>
    <subfield code="c">17</subfield>
    <subfield code="d">2003-03-01</subfield>
    <subfield code="h">A&#xF1;o 5, N&#xBA; 29 - mar. 2003</subfield>
    <subfield code="l">0</subfield>
    <subfield code="o">H658.11 LEO 29</subfield>
    <subfield code="p">R00163</subfield>
    <subfield code="r">2026-04-10 16:07:18</subfield>
    <subfield code="w">2026-04-10</subfield>
    <subfield code="y">RN</subfield>
  </datafield>
  <datafield tag="952" ind1=" " ind2=" ">
    <subfield code="0">0</subfield>
    <subfield code="1">0</subfield>
    <subfield code="4">0</subfield>
    <subfield code="7">0</subfield>
    <subfield code="a">BCEJYS</subfield>
    <subfield code="b">BCEJYS</subfield>
    <subfield code="c">17</subfield>
    <subfield code="d">2002-12-01</subfield>
    <subfield code="h">A&#xF1;o 4, N&#xBA; 28 - dic. 2002</subfield>
    <subfield code="l">0</subfield>
    <subfield code="o">H658.11 LEO 28</subfield>
    <subfield code="p">R00162</subfield>
    <subfield code="r">2026-04-10 16:07:18</subfield>
    <subfield code="w">2026-04-10</subfield>
    <subfield code="y">RN</subfield>
  </datafield>
  <datafield tag="952" ind1=" " ind2=" ">
    <subfield code="0">0</subfield>
    <subfield code="1">0</subfield>
    <subfield code="4">0</subfield>
    <subfield code="7">0</subfield>
    <subfield code="a">BCEJYS</subfield>
    <subfield code="b">BCEJYS</subfield>
    <subfield code="c">17</subfield>
    <subfield code="d">2002-01-01</subfield>
    <subfield code="h">A&#xF1;o 3, N&#xBA; 22 - ene./feb. 2002</subfield>
    <subfield code="l">0</subfield>
    <subfield code="o">H658.11 LEO 22</subfield>
    <subfield code="p">R06296</subfield>
    <subfield code="r">2026-04-10 16:07:18</subfield>
    <subfield code="w">2026-04-10</subfield>
    <subfield code="y">RN</subfield>
  </datafield>
  <datafield tag="952" ind1=" " ind2=" ">
    <subfield code="0">0</subfield>
    <subfield code="1">0</subfield>
    <subfield code="4">0</subfield>
    <subfield code="7">0</subfield>
    <subfield code="a">BCEJYS</subfield>
    <subfield code="b">BCEJYS</subfield>
    <subfield code="c">17</subfield>
    <subfield code="d">2001-11-01</subfield>
    <subfield code="h">A&#xF1;o 3, N&#xBA; 21 - nov. 2001</subfield>
    <subfield code="l">0</subfield>
    <subfield code="o">H658.11 LEO 21</subfield>
    <subfield code="p">R06295</subfield>
    <subfield code="r">2026-04-10 16:07:18</subfield>
    <subfield code="w">2026-04-10</subfield>
    <subfield code="y">RN</subfield>
  </datafield>
  <datafield tag="952" ind1=" " ind2=" ">
    <subfield code="0">0</subfield>
    <subfield code="1">0</subfield>
    <subfield code="4">0</subfield>
    <subfield code="7">0</subfield>
    <subfield code="a">BCEJYS</subfield>
    <subfield code="b">BCEJYS</subfield>
    <subfield code="c">17</subfield>
    <subfield code="d">2001-08-01</subfield>
    <subfield code="h">A&#xF1;o 2, N&#xBA; 19 - ago. 2001</subfield>
    <subfield code="l">0</subfield>
    <subfield code="o">H658.11 LEO 19</subfield>
    <subfield code="p">R06294</subfield>
    <subfield code="r">2026-04-10 16:07:18</subfield>
    <subfield code="w">2026-04-10</subfield>
    <subfield code="y">RN</subfield>
  </datafield>
  <datafield tag="952" ind1=" " ind2=" ">
    <subfield code="0">0</subfield>
    <subfield code="1">0</subfield>
    <subfield code="4">0</subfield>
    <subfield code="7">0</subfield>
    <subfield code="a">BCEJYS</subfield>
    <subfield code="b">BCEJYS</subfield>
    <subfield code="c">17</subfield>
    <subfield code="d">2001-06-01</subfield>
    <subfield code="h">A&#xF1;o 2, N&#xBA; 18 - jun./jul. 2001</subfield>
    <subfield code="l">0</subfield>
    <subfield code="o">H658.11 LEO 18</subfield>
    <subfield code="p">R06293</subfield>
    <subfield code="r">2026-04-10 16:07:18</subfield>
    <subfield code="w">2026-04-10</subfield>
    <subfield code="y">RN</subfield>
  </datafield>
  <datafield tag="952" ind1=" " ind2=" ">
    <subfield code="0">0</subfield>
    <subfield code="1">0</subfield>
    <subfield code="4">0</subfield>
    <subfield code="7">0</subfield>
    <subfield code="a">BCEJYS</subfield>
    <subfield code="b">BCEJYS</subfield>
    <subfield code="c">17</subfield>
    <subfield code="d">2001-05-01</subfield>
    <subfield code="h">A&#xF1;o 2, N&#xBA; 17 - mayo 2001</subfield>
    <subfield code="l">0</subfield>
    <subfield code="o">H658.11 LEO 17</subfield>
    <subfield code="p">R06292</subfield>
    <subfield code="r">2026-04-10 16:07:18</subfield>
    <subfield code="w">2026-04-10</subfield>
    <subfield code="y">RN</subfield>
  </datafield>
  <datafield tag="952" ind1=" " ind2=" ">
    <subfield code="0">0</subfield>
    <subfield code="1">0</subfield>
    <subfield code="4">0</subfield>
    <subfield code="7">0</subfield>
    <subfield code="a">BCEJYS</subfield>
    <subfield code="b">BCEJYS</subfield>
    <subfield code="c">17</subfield>
    <subfield code="d">2001-04-01</subfield>
    <subfield code="h">A&#xF1;o 2, N&#xBA; 16 - abr. 2001</subfield>
    <subfield code="l">0</subfield>
    <subfield code="o">H658.11 LEO 16</subfield>
    <subfield code="p">R06291</subfield>
    <subfield code="r">2026-04-10 16:07:18</subfield>
    <subfield code="w">2026-04-10</subfield>
    <subfield code="y">RN</subfield>
  </datafield>
  <datafield tag="952" ind1=" " ind2=" ">
    <subfield code="0">0</subfield>
    <subfield code="1">0</subfield>
    <subfield code="4">0</subfield>
    <subfield code="7">0</subfield>
    <subfield code="a">BCEJYS</subfield>
    <subfield code="b">BCEJYS</subfield>
    <subfield code="c">17</subfield>
    <subfield code="d">2001-01-01</subfield>
    <subfield code="h">A&#xF1;o 2, N&#xBA; 14 - ene./feb. 2001</subfield>
    <subfield code="l">0</subfield>
    <subfield code="o">H658.11 LEO 14</subfield>
    <subfield code="p">R06290</subfield>
    <subfield code="r">2026-04-10 16:07:18</subfield>
    <subfield code="w">2026-04-10</subfield>
    <subfield code="y">RN</subfield>
  </datafield>
  <datafield tag="952" ind1=" " ind2=" ">
    <subfield code="0">0</subfield>
    <subfield code="1">0</subfield>
    <subfield code="4">0</subfield>
    <subfield code="7">0</subfield>
    <subfield code="a">BCEJYS</subfield>
    <subfield code="b">BCEJYS</subfield>
    <subfield code="c">17</subfield>
    <subfield code="d">2000-12-01</subfield>
    <subfield code="h">A&#xF1;o 2, N&#xBA; 13 - dic. 2000</subfield>
    <subfield code="l">0</subfield>
    <subfield code="o">H658.11 LEO 13</subfield>
    <subfield code="p">R06289</subfield>
    <subfield code="r">2026-04-10 16:07:18</subfield>
    <subfield code="w">2026-04-10</subfield>
    <subfield code="y">RN</subfield>
  </datafield>
  <datafield tag="952" ind1=" " ind2=" ">
    <subfield code="0">0</subfield>
    <subfield code="1">0</subfield>
    <subfield code="4">0</subfield>
    <subfield code="7">0</subfield>
    <subfield code="a">BCEJYS</subfield>
    <subfield code="b">BCEJYS</subfield>
    <subfield code="c">17</subfield>
    <subfield code="d">2000-09-01</subfield>
    <subfield code="h">A&#xF1;o 1, N&#xBA; 11 - sep. 2000</subfield>
    <subfield code="l">0</subfield>
    <subfield code="o">H658.11 LEO 11</subfield>
    <subfield code="p">R06325</subfield>
    <subfield code="r">2026-04-10 16:07:18</subfield>
    <subfield code="w">2026-04-10</subfield>
    <subfield code="y">RN</subfield>
  </datafield>
  <datafield tag="952" ind1=" " ind2=" ">
    <subfield code="0">0</subfield>
    <subfield code="1">0</subfield>
    <subfield code="4">0</subfield>
    <subfield code="7">0</subfield>
    <subfield code="a">BCEJYS</subfield>
    <subfield code="b">BCEJYS</subfield>
    <subfield code="c">17</subfield>
    <subfield code="d">2000-05-01</subfield>
    <subfield code="h">A&#xF1;o 1, N&#xBA; 9 - mayo/jun. 2000</subfield>
    <subfield code="l">0</subfield>
    <subfield code="o">H658.11 LEO 9</subfield>
    <subfield code="p">R06324</subfield>
    <subfield code="r">2026-04-10 16:07:18</subfield>
    <subfield code="w">2026-04-10</subfield>
    <subfield code="y">RN</subfield>
  </datafield>
  <datafield tag="952" ind1=" " ind2=" ">
    <subfield code="0">0</subfield>
    <subfield code="1">0</subfield>
    <subfield code="4">0</subfield>
    <subfield code="7">0</subfield>
    <subfield code="a">BCEJYS</subfield>
    <subfield code="b">BCEJYS</subfield>
    <subfield code="c">17</subfield>
    <subfield code="d">2000-02-01</subfield>
    <subfield code="h">A&#xF1;o 2, N&#xBA; 6 - feb. 2000</subfield>
    <subfield code="l">0</subfield>
    <subfield code="o">H658.11 LEO 6</subfield>
    <subfield code="p">R06323</subfield>
    <subfield code="r">2026-04-10 16:07:18</subfield>
    <subfield code="w">2026-04-10</subfield>
    <subfield code="y">RN</subfield>
  </datafield>
  <datafield tag="952" ind1=" " ind2=" ">
    <subfield code="0">0</subfield>
    <subfield code="1">0</subfield>
    <subfield code="4">0</subfield>
    <subfield code="7">0</subfield>
    <subfield code="a">BCEJYS</subfield>
    <subfield code="b">BCEJYS</subfield>
    <subfield code="c">17</subfield>
    <subfield code="d">1999-11-01</subfield>
    <subfield code="h">A&#xF1;o 1, N&#xBA; 4 - nov. 1999</subfield>
    <subfield code="l">0</subfield>
    <subfield code="o">H658.11 LEO 4</subfield>
    <subfield code="p">R06322</subfield>
    <subfield code="r">2026-04-10 16:07:18</subfield>
    <subfield code="w">2026-04-10</subfield>
    <subfield code="y">RN</subfield>
  </datafield>
  <datafield tag="952" ind1=" " ind2=" ">
    <subfield code="0">0</subfield>
    <subfield code="1">0</subfield>
    <subfield code="4">0</subfield>
    <subfield code="7">0</subfield>
    <subfield code="a">BCEJYS</subfield>
    <subfield code="b">BCEJYS</subfield>
    <subfield code="c">17</subfield>
    <subfield code="d">1999-10-01</subfield>
    <subfield code="h">A&#xF1;o 1, N&#xBA; 3 - oct. 1999</subfield>
    <subfield code="l">0</subfield>
    <subfield code="o">H658.11 LEO 3</subfield>
    <subfield code="p">R06321</subfield>
    <subfield code="r">2026-04-10 16:07:18</subfield>
    <subfield code="w">2026-04-10</subfield>
    <subfield code="y">RN</subfield>
  </datafield>
</record>
